000 00653nam a2200217Ia 4500
008 160901s9999 xx 000 0 und d
020 _a1-55738-812-1
050 _aComSc HG 4515
050 _b.V57 1995
245 _aVirtual trading :
245 _bhow any trader with a PC can use the power of neural nets and expert systems to boost trading profits /
245 _cedited by Jess Lederman and Robert A. Klein.
260 _aNew York :
260 _bIrwin Professionan Pub.,
260 _c1995
300 _a304 pages :
300 _bill. ;
300 _c26 cm.
500 _aIncludes index.
650 _aInvestment -- Data processing.
999 _c300952
_d300952